[Event "13th Parsvnath Open"]
[Site "New Delhi IND"]
[Date "2015.01.11"]
[Round "4.45"]
[White "Arvind, Shastry"]
[Black "Nath, Rupankar"]
[Result "1/2-1/2"]
[WhiteElo "2261"]
[BlackElo "2077"]
[WhiteFideId "5008778"]
[BlackFideId "5006724"]
[EventDate "2015.01.09"]

1. d4 d5 2. Nf3 c6 3. c4 e6 4. Qc2 Nf6 5. e3 Nbd7 6. Nc3 Bd6 7. g4 Nxg4 8. Rg1
Nxh2 9. Nxh2 Bxh2 10. Rxg7 Bd6 11. Rxh7 Rxh7 12. Qxh7 Nf8 13. Qh5 Bd7 14. Bd2
Qf6 15. Bd3 O-O-O 16. c5 Bc7 17. f4 Ng6 18. O-O-O Rh8 19. Qe2 Ne7 20. Rg1 Qh6 1/2-1/2

[Event "13th Parsvnath Open"]
[Site "New Delhi IND"]
[Date "2015.01.11"]
[Round "4.46"]
[White "Varshini, V"]
[Black "Gokhale, Chandrashekhar"]
[Result "1/2-1/2"]
[WhiteTitle "WFM"]
[BlackTitle "IM"]
[WhiteElo "2071"]
[BlackElo "2254"]
[WhiteFideId "5091241"]
[BlackFideId "5001315"]
[EventDate "2015.01.09"]

1. e4 c5 2. Nc3 a6 3. g3 Nc6 4. Bg2 g6 5. d3 Bg7 6. Be3 d6 7. Qd2 e6 8. Nge2 Nd4
9. Nd1 Nxe2 10. Qxe2 Ne7 11. Qd2 h5 12. h4 e5 13. c3 Nc6 14. f4 Be6 15. Nf2 exf4
16. Bxf4 Ne5 17. b3 Nc6 18. Be3 Rc8 19. O-O Qa5 20. Rac1 b5 21. Rfd1 b4 22. cxb4
Qxb4 23. Qxb4 Nxb4 24. Rd2 Nc6 25. Bh3 Nd4 26. Kg2 f5 27. Bxd4 Bxd4 28. exf5
gxf5 29. Re2 Kf7 30. Rf1 Be5 31. Ne4 Kg6 32. Kh2 fxe4 33. Bxe6 exd3 34. Bf5+ Kh6
35. Bxd3 a5 36. Kh3 Rhg8 37. Re3 Rcf8 38. Rxf8 Rxf8 39. Kg2 Rg8 40. Bc4 Rg4 41.
a4 Rd4 42. Rd3 Re4 43. Rf3 Rd4 44. Rd3 Rg4 45. Re3 Rd4 1/2-1/2

[Event "13th Parsvnath Open"]
[Site "New Delhi IND"]
[Date "2015.01.11"]
[Round "4.47"]
[White "Abhilash, Reddy M.L."]
[Black "Mirzaad, S.wahabuddin"]
[Result "1-0"]
[WhiteElo "2251"]
[BlackElo "2065"]
[WhiteFideId "5024668"]
[BlackFideId "11700785"]
[EventDate "2015.01.09"]

1. d4 Nf6 2. Bg5 e6 3. e4 Be7 4. Bd3 h6 5. Bh4 c5 6. dxc5 Qa5+ 7. c3 Qxc5 8. Nd2
Nc6 9. Ngf3 d5 10. Nb3 Qb6 11. exd5 Nxd5 12. Bg3 O-O 13. O-O Rd8 14. Qe2 Bd7 15.
Rfe1 a5 16. Bc4 Nf6 17. a4 Rac8 18. h3 Nh5 19. Bh2 Nf6 20. Nfd2 Be8 21. Bb5 Qa7
22. Nc4 b6 23. Bf4 Nd5 24. Be3 Qb7 25. Rad1 Nb8 26. Bxe8 Rxe8 27. Ncd2 Qc6 28.
Ra1 Nxe3 29. Qxe3 Bc5 30. Qf3 Qxf3 31. Nxf3 Nd7 32. Rad1 Nf6 33. Ne5 Rc7 34. Kf1
Kf8 35. Re2 Ke7 36. Ke1 Nd5 37. g3 Bd6 38. Nf3 Kf8 39. Nbd4 Rc4 40. Nb5 Bb8 41.
Rd4 Rxd4 42. Nfxd4 Rc8 43. Kd2 g6 44. Kd3 Ke7 45. Rd2 e5 46. Nc2 f5 47. Ke2 Ke6
48. Nca3 g5 49. Rd1 h5 50. Nc2 f4 51. g4 hxg4 52. hxg4 e4 53. Ncd4+ Ke5 54. f3
Ne3 55. Rh1 exf3+ 56. Kxf3 Nc4 57. Rh6 Nxb2 58. Nc6+ Rxc6 59. Rxc6 Nxa4 60. Rc8
Bd6 61. Re8+ Kd5 62. Rd8 Kc4 63. Nxd6+ Kxc3 64. Ne4+ Kc4 65. Rc8+ Nc5 66. Nxg5
a4 67. Ne4 a3 68. Nxc5 bxc5 69. Kxf4 a2 70. Ra8 Kb3 71. Ke3 c4 72. Kd2 1-0

[Event "13th Parsvnath Open"]
[Site "New Delhi IND"]
[Date "2015.01.11"]
[Round "4.48"]
[White "Chakravarthi, Y.V.K."]
[Black "Chakravarthi Reddy, M"]
[Result "0-1"]
[BlackTitle "IM"]
[WhiteElo "2062"]
[BlackElo "2239"]
[WhiteFideId "5029546"]
[BlackFideId "25009532"]
[EventDate "2015.01.09"]

1. d4 d5 2. c4 e5 3. e3 exd4 4. Qxd4 Nf6 5. cxd5 Nxd5 6. e4 Nb4 7. Qxd8+ Kxd8 8.
Na3 Be6 9. b3 a5 10. Nf3 a4 11. Nd4 axb3 12. axb3 N8c6 13. Nxe6+ fxe6 14. Bg5+
Be7 15. Bxe7+ Kxe7 16. Kd2 Ra5 17. Bb5 Nd4 18. Kc3 c5 19. Bc4 b5 20. Bf1 Rf8 21.
f3 Kd7 22. Bxb5+ Nxb5+ 23. Nxb5 Rxb5 24. Ra7+ Kc6 25. Rd1 Rb7 26. Rxb7 Kxb7 27.
Rd7+ Kc6 28. Rxg7 Ra8 29. Kd2 Ra2+ 30. Ke3 Rb2 31. Rxh7 Rxb3+ 32. Kf4 c4 33. Rh8
c3 34. Ke3 c2+ 0-1

[Event "13th Parsvnath Open"]
[Site "New Delhi IND"]
[Date "2015.01.11"]
[Round "4.50"]
[White "Ashwath, R."]
[Black "Harini, S."]
[Result "1/2-1/2"]
[WhiteElo "2216"]
[BlackElo "2046"]
[WhiteFideId "5021049"]
[BlackFideId "5024919"]
[EventDate "2015.01.09"]

1. d4 Nf6 2. Nf3 e6 3. e3 c5 4. Bd3 b6 5. O-O Bb7 6. Nbd2 cxd4 7. exd4 Be7 8. b3
O-O 9. Bb2 d6 10. c4 Nbd7 11. Re1 Re8 12. Nf1 Bf8 13. Ne3 g6 14. Bf1 Bg7 15. g3
Rc8 16. Bg2 Qc7 17. b4 Qb8 18. a4 d5 19. c5 Ne4 20. Rb1 bxc5 21. bxc5 Qc7 22.
Nd2 f5 23. Nxe4 fxe4 24. f3 exf3 25. Bxf3 Bc6 26. Ng2 Qa5 27. Nf4 Bxa4 28. Qd3
Nxc5 29. dxc5 Bxb2 30. Nxe6 Rxc5 31. Nxc5 Rxe1+ 32. Rxe1 Qxe1+ 33. Kg2 Be8 34.
Qxd5+ Bf7 35. Qa8+ Kg7 36. Qxa7 Qd2+ 37. Kh3 Qh6+ 38. Kg2 Qd2+ 39. Kh3 Qe3 40.
Bg4 1/2-1/2

[Event "13th Parsvnath Open"]
[Site "New Delhi IND"]
[Date "2015.01.11"]
[Round "4.51"]
[White "Nyland, Thomas"]
[Black "Gajwa, Ankit"]
[Result "0-1"]
[WhiteElo "2013"]
[BlackElo "2215"]
[WhiteFideId "1504428"]
[BlackFideId "5077834"]
[EventDate "2015.01.09"]

1. e4 c5 2. Nf3 d6 3. d4 cxd4 4. Nxd4 Nf6 5. f3 e6 6. c4 Be7 7. Be3 O-O 8. Nc3
b6 9. Be2 Bb7 10. O-O a6 11. Qd2 Nbd7 12. Rfd1 Rc8 13. Rac1 Qc7 14. b3 Qb8 15.
Nc2 Rfe8 16. Na4 d5 17. exd5 exd5 18. Nxb6 Nxb6 19. Bxb6 Bd6 20. g3 Bxg3 21.
hxg3 Qxg3+ 22. Kf1 dxc4 23. Ne1 Qh3+ 24. Kg1 Rc6 25. Bf2 Ne4 0-1

[Event "13th Parsvnath Open"]
[Site "New Delhi IND"]
[Date "2015.01.11"]
[Round "4.52"]
[White "Lakshmi Narayanan, MV"]
[Black "Kumar, Gaurav"]
[Result "0-1"]
[WhiteElo "2215"]
[BlackElo "1986"]
[WhiteFideId "5040647"]
[BlackFideId "5085578"]
[EventDate "2015.01.09"]

1. d4 Nf6 2. c4 e6 3. Nf3 d5 4. Nc3 Be7 5. Bf4 O-O 6. e3 Nbd7 7. Rc1 c6 8. c5 b6
9. b4 a5 10. b5 Bb7 11. bxc6 Bxc6 12. cxb6 Bb4 13. Nd2 Nxb6 14. Bd3 Nc4 15. O-O
Nb2 16. Qe2 Nxd3 17. Qxd3 a4 18. Nf3 Qa5 19. Rfd1 Rfc8 20. a3 Bxa3 21. Nxd5 Nxd5
22. Qxa3 Nxf4 23. exf4 Bxf3 24. Qxf3 Rxc1 25. Rxc1 a3 26. g3 a2 27. Ra1 Rb8 28.
Qd3 Rb2 29. Qc4 Rb1+ 30. Kg2 Qa8+ 0-1

[Event "13th Parsvnath Open"]
[Site "New Delhi IND"]
[Date "2015.01.11"]
[Round "4.53"]
[White "Swathi, Ghate"]
[Black "Sumit, Grover"]
[Result "1-0"]
[WhiteTitle "WGM"]
[WhiteElo "2188"]
[BlackElo "1952"]
[WhiteFideId "5003474"]
[BlackFideId "5020409"]
[EventDate "2015.01.09"]

1. e4 c6 2. Nc3 d5 3. Nf3 Bg4 4. h3 Bxf3 5. Qxf3 e6 6. d3 Bb4 7. Bd2 d4 8. Nb1
Bxd2+ 9. Nxd2 e5 10. g3 Nf6 11. Bg2 O-O 12. O-O Nbd7 13. Qe2 g6 14. f4 Nh5 15.
Qe1 Qe7 16. Bf3 Ng7 17. Qf2 f6 18. Rae1 Rae8 19. Bd1 Nc5 20. Qf3 Qd7 21. Kh2 b5
22. Qg2 a5 23. b3 Na6 24. Bg4 Qd6 25. h4 Nb4 26. fxe5 fxe5 27. Nf3 Ra8 28. a3
Na6 29. Qd2 Nc7 30. Qh6 Nce6 31. h5 Rf6 32. Bxe6+ Nxe6 33. hxg6 Rxg6 34. Qh5 Ng5
35. Nh4 Rg7 36. Nf5 Qg6 37. Nxg7 Kxg7 38. Qg4 Rg8 39. Rf5 Kh8 40. Ref1 Qh6+ 41.
Qh4 Qg7 42. Kg2 h6 43. Rf6 Kh7 44. Rxc6 Rf8 45. Qxh6+ 1-0

[Event "13th Parsvnath Open"]
[Site "New Delhi IND"]
[Date "2015.01.11"]
[Round "4.54"]
[White "Negi, Virender Singh"]
[Black "Ajay Krishna, S"]
[Result "0-1"]
[WhiteElo "1962"]
[BlackElo "2187"]
[WhiteFideId "5001978"]
[BlackFideId "5096430"]
[EventDate "2015.01.09"]

1. Nf3 c5 2. g3 Nc6 3. Bg2 g6 4. O-O Bg7 5. d3 e5 6. c4 Nge7 7. Nc3 O-O 8. Rb1
d6 9. a3 a5 10. Bd2 h6 11. Ne1 Be6 12. Nd5 Bxd5 13. cxd5 Nd4 14. a4 h5 15. e3
Ndf5 16. Nc2 Nh6 17. Na3 f5 18. Nc4 b6 19. Qe2 Ra7 20. f4 exf4 21. exf4 Nc8 22.
Bc3 Re7 23. Qd2 Rfe8 24. Rbe1 h4 25. Bf3 h3 26. Kf2 Qd7 27. Bxg7 Kxg7 28. b3 Kf7
29. Qc3 Ng4+ 30. Bxg4 fxg4 31. Rxe7+ Nxe7 32. Ne3 Nxd5 33. Nxd5 Qe6 34. Re1 Qxd5
35. Qc4 Qxc4 36. bxc4 Rd8 37. Re4 d5 38. cxd5 Rxd5 39. Ke3 Rd6 40. Re5 Rd4 41.
Re4 Rb4 42. Rxb4 axb4 43. Kd2 Ke6 44. Ke1 0-1

[Event "13th Parsvnath Open"]
[Site "New Delhi IND"]
[Date "2015.01.11"]
[Round "4.55"]
[White "Sa, Kannan"]
[Black "Imocha, Laishram"]
[Result "1-0"]
[WhiteElo "1908"]
[BlackElo "2179"]
[WhiteFideId "5018340"]
[BlackFideId "5000351"]
[EventDate "2015.01.09"]

1. d4 Nf6 2. Nf3 b6 3. e3 Bb7 4. Nbd2 e6 5. c3 d5 6. Ne5 Nfd7 7. f4 Nxe5 8. fxe5
f5 9. Nf3 Be7 10. Bd3 O-O 11. Qe2 c5 12. O-O c4 13. Bc2 Qe8 14. Bd2 a5 15. Kh1
Qh5 16. Ng1 Qxe2 17. Nxe2 b5 18. g4 fxg4 19. Rxf8+ Bxf8 20. Rg1 Nc6 21. Rxg4 Bc8
22. Ng3 Bd7 23. Nh5 Kh8 24. Rh4 h6 25. Rh3 b4 26. e4 a4 27. a3 bxa3 28. bxa3
dxe4 29. Bc1 Rb8 30. Bxe4 Rb3 31. Rg3 Ne7 32. Nf4 g5 33. Ne2 Nf5 34. Rh3 Kg7 35.
Bc2 g4 36. Bxb3 axb3 37. Rh5 Be8 38. Nf4 Bxh5 39. Nxh5+ Kf7 40. Nf6 Nxd4 41. a4
Nc2 42. a5 Na3 43. a6 Nb5 44. Ne4 Na7 45. Nd2 Bc5 46. Nxc4 Nb5 47. Na5 Nxc3 48.
Nxb3 Bb6 49. Na5 Nb5 50. Nc4 Ba7 51. Nd6+ Nxd6 52. exd6 e5 53. Bxh6 Ke6 54. Bf8
e4 55. Kg2 e3 56. Kf1 Kd7 57. Ke2 Kc6 58. Bh6 Bc5 59. Bf4 Kd7 60. Bh6 Ke8 1-0

[Event "13th Parsvnath Open"]
[Site "New Delhi IND"]
[Date "2015.01.11"]
[Round "4.56"]
[White "Tiwari, Ashwani"]
[Black "Rajesh, V A V"]
[Result "1/2-1/2"]
[WhiteTitle "FM"]
[BlackTitle "IM"]
[WhiteElo "2037"]
[BlackElo "2397"]
[WhiteFideId "5006961"]
[BlackFideId "5029317"]
[EventDate "2015.01.09"]

1. e4 e5 2. Nf3 Nc6 3. Bb5 a6 4. Ba4 Nf6 5. O-O Be7 6. Bxc6 dxc6 7. d3 Nd7 8.
Nbd2 O-O 9. Nc4 f6 10. Nh4 Nc5 11. Nf5 Kh8 12. a4 Ne6 13. Nxe7 Qxe7 14. b3 Rd8
15. a5 Bd7 16. f4 exf4 17. Bxf4 Nxf4 18. Rxf4 Qc5+ 19. Kh1 Be6 20. Qf3 Rf8 21.
Qf2 Qxf2 22. Rxf2 Kg8 23. Kg1 Rae8 24. h3 f5 25. exf5 Rxf5 26. Rxf5 Bxf5 27. Kf2
Kf7 28. Ne3 Be6 29. Ra4 Ke7 30. Rb4 Rb8 31. Rh4 h6 32. d4 Rf8+ 33. Ke2 b6 34.
Rh5 Kd6 35. b4 Rf4 36. c3 b5 37. Re5 g6 38. g3 Rf8 39. h4 1/2-1/2

[Event "13th Parsvnath Open"]
[Site "New Delhi IND"]
[Date "2015.01.11"]
[Round "4.57"]
[White "Safranska, Anda"]
[Black "Jayakumaar, S"]
[Result "1/2-1/2"]
[WhiteTitle "WGM"]
[WhiteElo "2261"]
[BlackElo "2053"]
[WhiteFideId "11600209"]
[BlackFideId "5090997"]
[EventDate "2015.01.09"]

1. Nf3 Nf6 2. g3 d5 3. Bg2 c5 4. O-O Nc6 5. d3 g6 6. c3 Bg7 7. Qa4 Bd7 8. Qc2 h6
9. e4 Be6 10. Nbd2 O-O 11. Re1 Qb6 12. h3 Rfd8 13. Kh2 c4 14. d4 dxe4 15. Nxe4
Nxe4 16. Qxe4 Bd5 17. Qe2 Qc7 18. Bf4 Qd7 19. Rad1 b5 20. Ne5 Nxe5 21. Bxe5 Bxg2
22. Kxg2 Qd5+ 23. Qf3 e6 24. Bxg7 Kxg7 25. Re5 Qxf3+ 26. Kxf3 Rd5 27. Rxd5 exd5
28. Re1 Kf6 29. Re5 Rd8 30. h4 a5 31. a3 h5 32. Kf4 b4 33. axb4 axb4 34. f3 bxc3
35. bxc3 Rb8 36. g4 hxg4 37. fxg4 Rb3 38. g5+ Kg7 39. Re7 Rxc3 40. Ke5 Rh3 41.
Kxd5 Rxh4 42. Kxc4 Rg4 43. Kc5 1/2-1/2

[Event "13th Parsvnath Open"]
[Site "New Delhi IND"]
[Date "2015.01.11"]
[Round "4.58"]
[White "Madhurima, Shekhar"]
[Black "Kiran, Manisha Mohanty"]
[Result "1-0"]
[BlackTitle "WGM"]
[WhiteElo "2012"]
[BlackElo "2206"]
[WhiteFideId "5067910"]
[BlackFideId "5019575"]
[EventDate "2015.01.09"]

1. e4 c5 2. Nf3 d6 3. d4 cxd4 4. Nxd4 Nf6 5. Nc3 Nc6 6. Be2 g6 7. O-O Bg7 8. Be3
O-O 9. Qd2 Ng4 10. Bxg4 Bxg4 11. Nd5 Rc8 12. c4 Bd7 13. b3 f5 14. exf5 Bxf5 15.
Nxf5 Rxf5 16. Rad1 Qf8 17. Rfe1 Qf7 18. Re2 Rf8 19. a4 e6 20. Nb4 Be5 21. Nc2
Qf6 22. Nd4 Rh5 23. h3 Rh4 24. Nxc6 Bc3 25. Qc1 Rxh3 26. gxh3 bxc6 27. Bg5 Qf5
28. Qxc3 Qxg5+ 29. Kf1 Qh5 30. Rxd6 Rf3 31. Rd8+ 1-0

[Event "13th Parsvnath Open"]
[Site "New Delhi IND"]
[Date "2015.01.11"]
[Round "4.59"]
[White "Raja, Harshit"]
[Black "Alahakoon, Isuru"]
[Result "0-1"]
[WhiteElo "2144"]
[BlackElo "2042"]
[WhiteFideId "5089000"]
[BlackFideId "9900993"]
[EventDate "2015.01.09"]

1. e4 c5 2. Nf3 d6 3. d4 cxd4 4. Nxd4 Nf6 5. Nc3 a6 6. Bg5 e6 7. f4 Be7 8. Qf3
Qc7 9. O-O-O Nbd7 10. g4 h6 11. Bxf6 Bxf6 12. h4 Qb6 13. Nb3 Qc7 14. Nd4 Qb6 15.
Nb3 Qc7 16. Qd3 Bxc3 17. bxc3 Nc5 18. Nxc5 dxc5 19. e5 Bd7 20. Qd6 O-O-O 21. Rh3
Qa5 22. Qe7 Qa3+ 23. Kb1 Bb5 24. Rxd8+ Rxd8 25. Qxf7 c4 0-1

[Event "13th Parsvnath Open"]
[Site "New Delhi IND"]
[Date "2015.01.11"]
[Round "4.62"]
[White "Saranya, J"]
[Black "Neelash, Saha"]
[Result "1-0"]
[WhiteTitle "WFM"]
[WhiteElo "2111"]
[BlackElo "2010"]
[WhiteFideId "5031931"]
[BlackFideId "5094160"]
[EventDate "2015.01.09"]

1. e4 e6 2. Nf3 c5 3. d4 cxd4 4. Nxd4 a6 5. c4 Nf6 6. Nc3 Bb4 7. Bd3 Nc6 8. Ne2
O-O 9. O-O Ne5 10. h3 Qc7 11. Bg5 Nxc4 12. Bxc4 Qxc4 13. Bxf6 gxf6 14. Rc1 Bxc3
15. Nxc3 Kh8 16. Qd6 Rg8 17. Qe7 b5 18. Qxf6+ Rg7 19. Nd5 Qxe4 20. Qd8+ 1-0

[Event "13th Parsvnath Open"]
[Site "New Delhi IND"]
[Date "2015.01.12"]
[Round "5.1"]
[White "Gupta, Abhijeet"]
[Black "Deepan, Chakkravarthy J."]
[Result "1/2-1/2"]
[WhiteTitle "GM"]
[BlackTitle "GM"]
[WhiteElo "2631"]
[BlackElo "2484"]
[WhiteFideId "5010608"]
[BlackFideId "5011132"]
[EventDate "2015.01.09"]

1. d4 Nf6 2. c4 g6 3. f3 Bg7 4. e4 d6 5. Ne2 O-O 6. Be3 c5 7. d5 e6 8. Nec3 Na6
9. Be2 Nc7 10. a4 b6 11. O-O Re8 12. Na3 Bb7 13. Nc2 exd5 14. cxd5 Nfxd5 15.
exd5 Rxe3 16. Nxe3 Bd4 17. Kh1 Bxe3 18. f4 Bd4 19. Bc4 Qh4 20. Qd2 a6 21. Ne2
Bg7 22. Ra3 Re8 23. Re3 Rxe3 24. Qxe3 b5 25. axb5 axb5 26. Qb3 Ba6 27. Nc3 Bxc3
28. bxc3 Qe7 29. f5 bxc4 30. Qb8+ Ne8 31. f6 Qe5 32. h3 Kf8 33. Rc1 h5 34. Rb1
Qxc3 35. Qa7 Qe3 36. Qxa6 c3 37. Qf1 Qd4 38. Rb8 Qe5 39. Rc8 h4 40. Qc1 g5 41.
Rb8 Qxf6 42. Qe1 Qe5 43. Qxe5 dxe5 44. d6 c2 45. d7 c1=Q+ 46. Kh2 Qf4+ 47. Kh1
Qf1+ 48. Kh2 Qf4+ 1/2-1/2

[Event "13th Parsvnath Open"]
[Site "New Delhi IND"]
[Date "2015.01.12"]
[Round "5.2"]
[White "Narayanan, Srinath"]
[Black "Demchenko, Anton"]
[Result "1/2-1/2"]
[WhiteTitle "IM"]
[BlackTitle "GM"]
[WhiteElo "2477"]
[BlackElo "2611"]
[WhiteFideId "5018420"]
[BlackFideId "4160258"]
[EventDate "2015.01.09"]

1. e4 e5 2. Nf3 Nc6 3. Bb5 a6 4. Ba4 d6 5. c4 Bg4 6. h3 Bxf3 7. Qxf3 Nf6 8. Nc3
Be7 9. d3 O-O 10. Bxc6 bxc6 11. O-O Nd7 12. b4 Re8 13. a4 Nf8 14. Be3 Ne6 15.
Rfd1 1/2-1/2

[Event "13th Parsvnath Open"]
[Site "New Delhi IND"]
[Date "2015.01.12"]
[Round "5.3"]
[White "Nitin, S."]
[Black "Mozharov, Mikhail"]
[Result "0-1"]
[WhiteTitle "IM"]
[BlackTitle "GM"]
[WhiteElo "2355"]
[BlackElo "2557"]
[WhiteFideId "5018277"]
[BlackFideId "4189825"]
[EventDate "2015.01.09"]

1. e4 c5 2. Nf3 Nc6 3. d4 cxd4 4. Nxd4 e6 5. Nc3 Qc7 6. g3 a6 7. Bg2 Nf6 8. O-O
Be7 9. a4 O-O 10. Nxc6 bxc6 11. a5 d5 12. Be3 Bb7 13. Bb6 Qb8 14. Re1 Rc8 15.
Re2 Re8 16. Rb1 Bb4 17. Na2 Bf8 18. Nc3 Bb4 19. Na2 Bf8 20. Nc3 Nd7 21. Na4 Qd6
22. b4 Nxb6 23. axb6 a5 24. Nc5 axb4 25. Nxb7 Qd7 26. c4 bxc3 27. Rc2 Qxb7 28.
Rxc3 Ra6 29. Qc2 Rxb6 30. Rxb6 Qxb6 31. Rxc6 Qa5 32. Bf1 dxe4 33. Qxe4 g6 34.
Qc2 Rd8 35. Bd3 Qa3 36. Rc3 Qa8 37. Rc4 Bg7 38. Be4 Qb8 39. Kg2 Bd4 40. Rc7 Kg7
41. Bf3 Qb6 42. Rb7 Qd6 43. h4 h5 44. Be4 Rd7 45. Rxd7 Qxd7 46. Qd2 Qa7 47. Bf3
Qc5 48. Qe2 e5 49. Qa2 f5 50. Bd5 e4 51. Bg8 Qe7 52. Qd5 Qa7 53. Be6 Kf6 54. Bd7
Kg7 55. Be6 Kh6 56. Qa2 Qb7 57. Bd5 Qb4 58. Qe2 Qc5 59. Bf7 Kg7 60. Be8 Qc3 61.
Bb5 Bb6 62. Bc4 Qd4 63. Ba6 Qe5 64. Qb5 Bc5 65. Qd7+ Kh6 66. Qd2+ e3 67. fxe3
Qe4+ 68. Kf2 f4 69. gxf4 Qxf4+ 70. Ke2 Qg4+ 71. Kd3 Qxh4 72. e4+ Kh7 73. Kc4 Qe7
74. Qd5 Bd6 75. Kd3 Kh6 76. Bc8 Be5 77. Be6 Qf6 78. Bf7 h4 79. Qe6 Qf3+ 80. Kd2
Qxe4 81. Qxg6+ Qxg6 82. Bxg6 Kxg6 83. Ke2 h3 84. Kf2 Bh2 0-1

[Event "13th Parsvnath Open"]
[Site "New Delhi IND"]
[Date "2015.01.12"]
[Round "5.4"]
[White "Himanshu, Sharma"]
[Black "Cruz, Cristhian"]
[Result "1/2-1/2"]
[WhiteTitle "IM"]
[BlackTitle "GM"]
[WhiteElo "2427"]
[BlackElo "2546"]
[WhiteFideId "5007836"]
[BlackFideId "3801969"]
[EventDate "2015.01.09"]

1. e4 c5 2. Nc3 Nc6 3. f4 g6 4. Nf3 Bg7 5. g3 Rb8 6. Bg2 d6 7. O-O b5 8. a3 a5
9. d3 e6 10. Be3 b4 11. axb4 axb4 12. Na4 Nge7 13. d4 cxd4 14. Nxd4 Qc7 15. f5
Bxd4 16. Bxd4 Nxd4 17. Qxd4 e5 18. Qd3 Bd7 19. Rfd1 Nc8 20. b3 O-O 21. f6 h6 22.
Nb2 Kh7 23. Qd2 Bg4 24. Rf1 Na7 25. Nc4 Rfd8 26. Rf2 Nc6 27. Ne3 Be6 28. Rf5 Nd4
29. Ng4 Ne2+ 30. Qxe2 gxf5 31. exf5 Qc3 32. Rd1 Bxf5 33. Be4 Bg6 34. Rd3 Qc5+
35. Kg2 Rbc8 36. Kh3 Qxc2 37. Qe3 Qc1 38. Rd2 Rh8 39. Bxg6+ fxg6 40. Qd3 h5 41.
Nf2 Qc6 42. Ne4 Rhf8 43. Rf2 Qd7+ 44. Kg2 Qb7 45. Kh3 Qd7+ 46. Kg2 Qb7 47. Qf3
d5 48. Nd6 Qc6 49. Nxc8 Rxc8 50. g4 e4 51. Qf4 Qe6 52. gxh5 gxh5 53. h3 d4 54.
Ra2 Rg8+ 55. Kh2 Rf8 56. Ra7+ Rf7 57. Rxf7+ Qxf7 58. Qxe4+ Kh6 59. Qxd4 Qxb3 60.
Qf4+ Kg6 61. f7 Qxf7 62. Qxb4 Qf2+ 63. Kh1 Qf3+ 64. Kh2 Qf2+ 65. Kh1 Qf3+ 66.
Kh2 1/2-1/2

[Event "13th Parsvnath Open"]
[Site "New Delhi IND"]
[Date "2015.01.12"]
[Round "5.5"]
[White "Baryshpolets, Andrey"]
[Black "Satyapragyan, Swayangsu"]
[Result "1-0"]
[WhiteTitle "GM"]
[BlackTitle "IM"]
[WhiteElo "2541"]
[BlackElo "2410"]
[WhiteFideId "14117207"]
[BlackFideId "5004306"]
[EventDate "2015.01.09"]

1. d4 Nf6 2. c4 e6 3. g3 c5 4. d5 exd5 5. cxd5 d6 6. Nc3 g6 7. Bg2 Bg7 8. Nf3
O-O 9. O-O Re8 10. Bf4 a6 11. a4 h6 12. Qc1 g5 13. Bd2 Bf5 14. h4 g4 15. Nh2 Kh7
16. a5 Nbd7 17. Ra4 Ne5 18. f4 Ng6 19. Re1 b5 20. axb6 Qxb6 21. e4 Bd7 22. Ra2
Nh5 23. Nf1 Bd4+ 24. Be3 f5 25. Qd2 Nf6 26. Bf2 fxe4 27. Nxe4 Nxd5 28. h5 Nge7
29. Bxd4 cxd4 30. Nf6+ Nxf6 31. Bxa8 Bb5 32. Be4+ Nxe4 33. Rxe4 Nf5 34. Rxe8
Bxe8 35. Qa5 Qxa5 36. Rxa5 Bb5 37. Ra1 Kg7 38. Kf2 Kf6 39. Rd1 Ba4 40. Rd2 Be8
41. b4 Bxh5 42. Ra2 Be8 43. Rxa6 Ke6 44. Nd2 h5 45. Ra8 Bc6 46. Rc8 Bb7 47. Rg8
h4 48. gxh4 g3+ 49. Rxg3 Nxh4 50. Rg7 Bc6 51. Rc7 Be8 52. Kg3 Nf5+ 53. Kg4 d3
54. Kg5 d5 55. Rc3 Bb5 56. Rc5 Nd4 57. f5+ Ke5 58. f6 Be8 59. Rc8 Bf7 60. Rc3
Ne6+ 61. Kg4 Kd4 62. Ra3 Ke3 63. Nf3 Nf4 64. Ne5 Be6+ 65. Kg5 Ke4 66. Nxd3 Nxd3
67. Rxd3 Kxd3 68. b5 d4 69. b6 Bd5 70. f7 Bxf7 71. b7 1-0

[Event "13th Parsvnath Open"]
[Site "New Delhi IND"]
[Date "2015.01.12"]
[Round "5.6"]
[White "Grover, Sahaj"]
[Black "Kulkarni, Vikramaditya"]
[Result "0-1"]
[WhiteTitle "GM"]
[BlackTitle "IM"]
[WhiteElo "2528"]
[BlackElo "2354"]
[WhiteFideId "5021103"]
[BlackFideId "5009847"]
[EventDate "2015.01.09"]

1. e4 e6 2. d4 d5 3. Nc3 Nf6 4. e5 Nfd7 5. f4 c5 6. Nf3 a6 7. Be3 Qb6 8. Na4 Qc6
9. Nxc5 Nxc5 10. dxc5 Bxc5 11. Qd2 Nd7 12. Nd4 Qc7 13. Bd3 b6 14. O-O Be7 15. b4
b5 16. Rae1 Nb6 17. f5 Nc4 18. Bxc4 Qxc4 19. c3 exf5 20. Bg5 Bxg5 21. Qxg5 Qxc3
22. Ne2 Qxb4 23. Qxg7 Qf8 24. Qf6 Be6 25. Nd4 Kd7 26. Rc1 Rg8 27. Nxf5 Qb4 28.
Rf4 Qa3 29. Rc3 Qxc3 30. Qe7+ Kc6 31. Nd4+ Kb6 32. Qd6+ Kb7 33. Nxe6 Qe1+ 34.
Rf1 Rxg2+ 35. Kxg2 Rg8+ 36. Kf3 Qe4+ 0-1

[Event "13th Parsvnath Open"]
[Site "New Delhi IND"]
[Date "2015.01.12"]
[Round "5.7"]
[White "Popov, Ivan RUS"]
[Black "Visakh, NR"]
[Result "1-0"]
[WhiteTitle "GM"]
[WhiteElo "2622"]
[BlackElo "2346"]
[WhiteFideId "4170350"]
[BlackFideId "25012223"]
[EventDate "2015.01.09"]

1. e4 c5 2. Nf3 d6 3. d4 cxd4 4. Nxd4 Nf6 5. Nc3 a6 6. h3 e6 7. g4 Be7 8. Bg2
Nfd7 9. O-O Nc6 10. Nce2 Nde5 11. c3 O-O 12. f4 Ng6 13. Be3 Na5 14. b3 e5 15.
Nf5 Bxf5 16. exf5 Nxf4 17. Nxf4 exf4 18. Bxf4 Nc6 19. Kh1 Qa5 20. b4 Qc7 21. f6
gxf6 22. Bh6 Rfe8 23. g5 f5 24. Rxf5 Ne5 25. Qd4 Bf8 26. Bd5 Re7 27. Raf1 Rc8
28. c4 b5 29. cxb5 axb5 30. Bxf8 Rxf8 31. h4 Qa7 32. Qxa7 Rxa7 33. h5 Kg7 34.
h6+ Kg8 35. Bb3 Re8 36. Rd1 Rd7 37. Rd5 Nc6 38. Rf6 Nxb4 39. Rdxd6 Rxd6 40. Rxd6
Ra8 41. a3 Na6 42. Bd5 1-0

[Event "13th Parsvnath Open"]
[Site "New Delhi IND"]
[Date "2015.01.12"]
[Round "5.8"]
[White "David, Alberto"]
[Black "Sardana, Rishi"]
[Result "1-0"]
[WhiteTitle "GM"]
[BlackTitle "IM"]
[WhiteElo "2572"]
[BlackElo "2404"]
[WhiteFideId "4000013"]
[BlackFideId "25004301"]
[EventDate "2015.01.09"]

1. e4 c5 2. Nf3 d6 3. d4 cxd4 4. Qxd4 Nc6 5. Bb5 Bd7 6. Bxc6 Bxc6 7. c4 Nf6 8.
Nc3 g6 9. Qd3 Bg7 10. Nd4 O-O 11. O-O Nd7 12. Be3 Qa5 13. Rab1 Ne5 14. Qe2 Rfc8
15. Rfc1 e6 16. f4 Nxc4 17. Qxc4 Bxe4 18. Nb3 Rxc4 19. Nxa5 Rxc3 20. bxc3 Bxb1
21. Rxb1 b6 22. Nc6 Bxc3 23. Rb3 Bf6 24. Ra3 a5 25. Rb3 Kf8 26. Rxb6 Ke8 27. Bd4
Bxd4+ 28. Nxd4 Rc8 29. Rxd6 Rc4 30. Nc6 Kf8 31. g3 Rc1+ 32. Kg2 Rc2+ 33. Kh3
Rxa2 34. Rd8+ Kg7 35. Rd7 g5 36. Ne5 gxf4 37. Rxf7+ Kg8 38. gxf4 a4 39. Ra7 Ra1
40. Kg4 Rh1 41. h4 Rg1+ 42. Kh5 Rf1 43. Rxa4 1-0